| 000 | 00580cam a2200193 4500500 | ||
|---|---|---|---|
| 005 | 20260405001949.0 | ||
| 041 | _afre | ||
| 042 | _adc | ||
| 100 | 1 | 0 |
_aLequin, Mathilde _eauthor |
| 245 | 0 | 0 | _aAgonistique. Penser politiquement le monde |
| 260 | _c2015. | ||
| 500 | _a50 | ||
| 690 | _aChantal Mouffe | ||
| 690 | _aConflit | ||
| 690 | _aDémocratie | ||
| 690 | _aPolitique | ||
| 786 | 0 | _nPhilosophie magazine | 87 | 3 | 2015-03-01 | p. 80-80 | 1951-1787 | |
| 856 | 4 | 1 | _uhttps://shs.cairn.info/magazine-philosophie-magazine-2015-3-page-80?lang=fr&redirect-ssocas=7080 |
| 999 |
_c2052793 _d2052793 |
||